[Event "Polanica Zdroj op-D 58th"]
[Site "Polanica Zdroj"]
[Date "2022.08.17"]
[Round "5"]
[White "Latacz, Grzegorz"]
[Black "Bialik, Nikodem"]
[Result "0-1"]
[WhiteElo "1449"]
[BlackElo "1638"]
[PlyCount "120"]
[EventDate "2022.08.13"]
[EventType "swiss"]
[EventRounds "9"]
[EventCountry "POL"]
[SourceTitle "CBM 210 Extra"]
[Source "ChessBase"]
[SourceDate "2022.11.30"]
[SourceVersion "1"]
[SourceVersionDate "2022.11.30"]
[SourceQuality "1"]

1. d4 Nf6 2. c4 c5 3. d5 b5 4. cxb5 a6 5. bxa6 Bxa6 6. Nc3 d6 7. e4 Bxf1 8. Kxf1 g6 9. Nf3 Bg7 10. g3 0-0 11. Kg2 Nbd7 12. Qe2 Qb6 13. a4 Rfb8 14. Nb5 Ne8 15. Bg5 Kf8 16. Nd2 Nc7 17. Nc4 Qb7 18. Nxc7 Qxc7 19. h4 Nb6 20. h5 Rxa4 21. Nxb6 Rxa1 22. Rxa1 Qxb6 23. hxg6 hxg6 24. Rb1 Qb4 25. Bd2 Qa4 26. Bc1 Rb4 27. f3 Qb5 28. Qxb5 Rxb5 29. Ra1 Bd4 30. Ra2 Kg7 31. Kf1 f5 32. exf5 gxf5 33. Ke2 Be5 34. g4 fxg4 35. fxg4 Rb4 36. g5 Rd4 37. Ra7 Kf7 38. g6+ Kxg6 39. Rxe7 Rxd5 40. Rb7 Rd4 41. Rb3 Kf5 42. Rd3 Re4+ 43. Kd1 c4 44. Rd2 Ke6 45. Re2 Rg4 46. Kc2 d5 47. b3 c3 48. Rxe5+ Kxe5 49. Kxc3 d4+ 50. Kc4 Ke4 51. b4 Rg2 52. Bh6 Rc2+ 53. Kb3 d3 54. b5 Kd5 55. b6 Kc6 56. Be3 Kb7 57. Bd4 Ka6 58. Be3 Re2 59. Bd4 Ra2 60. Bb2 d2 0-1

[Event "Polanica Zdroj op-D 56th"]
[Site "Polanica Zdroj"]
[Date "2020.08.19"]
[Round "5"]
[White "Bialik, Nikodem"]
[Black "Garwacki, Kornel"]
[Result "1-0"]
[WhiteElo "1552"]
[BlackElo "1492"]
[PlyCount "99"]
[EventDate "2020.08.15"]
[EventType "swiss"]
[EventRounds "9"]
[EventCountry "POL"]
[SourceTitle "CBM 198 Extra"]
[Source "ChessBase"]
[SourceDate "2020.11.30"]
[SourceVersion "1"]
[SourceVersionDate "2020.11.30"]
[SourceQuality "1"]

1. e4 e5 2. Nf3 Nc6 3. d4 exd4 4. Nxd4 Nf6 5. Nc3 Bb4 6. Nxc6 bxc6 7. Bd3 d5 8. Bd2 0-0 9. 0-0 Bxc3 10. Bxc3 Nxe4 11. Bxe4 dxe4 12. Re1 f5 13. Qe2 Bb7 14. Rad1 Qe8 15. Qc4+ Kh8 16. Re3 Rd8 17. Rxd8 Qxd8 18. h3 Qd1+ 19. Kh2 Qd5 20. Qd4 Qxd4 21. Bxd4 h6 22. Rg3 Rf7 23. Rb3 Ba6 24. Ra3 Bc4 25. Rxa7 Kh7 26. b3 Be2 27. c3 g5 28. Ra5 Kg6 29. Re5 Kh5 30. Re6 Bd3 31. Rxc6 g4 32. b4 gxh3 33. Kxh3 f4 34. Rc5+ Kg6 35. a4 Bf1 36. Kh2 Rf5 37. Rc6+ Kh5 38. Bg7 Kg4 39. Kg1 Bd3 40. Bxh6 f3 41. Rxc7 fxg2 42. Kxg2 Be2 43. Rg7+ Kh5 44. Be3 Rd5 45. Re7 Bf3+ 46. Kg3 Rf5 47. Re6 Rg5+ 48. Bxg5 Kxg5 49. Re5+ Kf6 50. Kf4 1-0

[Event "Bohumin op 2nd"]
[Site "Bohumin"]
[Date "2019.06.22"]
[Round "1"]
[White "Bialik, Nikodem"]
[Black "Kulesza, Andrzej"]
[Result "0-1"]
[WhiteElo "1425"]
[BlackElo "1967"]
[PlyCount "62"]
[EventDate "2019.06.22"]
[EventType "swiss"]
[EventRounds "9"]
[EventCountry "CZE"]
[SourceTitle "CBM 191 Extra"]
[Source "ChessBase"]
[SourceDate "2019.09.30"]
[SourceVersion "1"]
[SourceVersionDate "2019.09.30"]
[SourceQuality "1"]

1. e4 c5 2. Nf3 d6 3. c3 Nf6 4. Bd3 Nc6 5. Bc2 Bg4 6. h3 Bh5 7. d3 e6 8. Be3 Be7 9. Nbd2 0-0 10. g4 Bg6 11. h4 h5 12. Nh2 Ne5 13. g5 Nfd7 14. f4 Nc6 15. Rf1 Re8 16. Bb3 d5 17. Qe2 c4 18. dxc4 dxe4 19. 0-0-0 Qc7 20. Rf2 Nc5 21. Bc2 Nd3+ 22. Bxd3 exd3 23. Qf3 Na5 24. Ne4 Qxc4 25. Bd4 Qd5 26. Re1 Qxa2 27. Qxd3 Nb3+ 28. Kc2 Qa4 29. Kb1 Qa1+ 30. Kc2 Qxe1 31. Kxb3 Bxe4 0-1